|
|
|
|
| LEADER |
00000nam0a2200000 4500 |
| 001 |
341927 |
| 005 |
20231102005410.0 |
| 010 |
|
|
|a 5699081259
|
| 035 |
|
|
|a (RuTPU)RU\TPU\book\370256
|
| 090 |
|
|
|a 341927
|
| 100 |
|
|
|a 20181106d2004 m y0rusy50 ca
|
| 101 |
1 |
|
|a rus
|c spa
|
| 102 |
|
|
|a RU
|
| 105 |
|
|
|a y z 000ay
|
| 200 |
1 |
|
|a Чистая кровь
|e роман
|e пер. с исп.
|f А. Перес-Реверте
|
| 210 |
|
|
|a Москва
|c Эксмо
|d 2004
|
| 215 |
|
|
|a 256 с.
|
| 225 |
1 |
|
|a Приключения капитана Алатристе
|
| 330 |
|
|
|a ...В этот миг у меня за спиной прозвучала негромко высвистанная музыкальная рулада — тирури-та-та — я похолодел, и пальцы мои, обагренные кровью дона Луиса, крепче стиснули рукоять его кинжала. Медленно обернулся, одновременно занося клинок, блеснувший в лунном свете. На парапете я увидел хорошо знакомый силуэт в плаще и широкополой шляпе. Увидел и понял: ловушку нам подстроили смертельную, и теперь в нее попался я. "Вот мы и снова встретились", — произнес он... Капитан Диего Алатристе совершает налет на бенедиктинскую обитель, Иньиго Бальбоа попадает в лапы священной инквизиции, а его роковая любовь Анхелика де Алькесар совершает первое предательство страсти. Костры аутодафе уже пылают... Второй том историко-авантюрной эпопеи Артуро Переса-Ре-верте о капитане Алатристе "Чистая кровь" — впервые на русском языке.
|
| 606 |
1 |
|
|a Испанская литература
|2 stltpush
|3 (RuTPU)RU\TPU\subj\13206
|9 39855
|
| 610 |
1 |
|
|a художественная литература
|
| 610 |
1 |
|
|a приключения
|
| 610 |
1 |
|
|a романы
|
| 675 |
|
|
|a 86
|v 4
|
| 700 |
|
1 |
|a Перес-Реверте
|b А.
|g Артуро
|
| 801 |
|
1 |
|a RU
|b 63413507
|c 20181106
|
| 801 |
|
2 |
|a RU
|b 63413507
|c 20181121
|g RCR
|
| 942 |
|
|
|c BK
|